The occurrence of resistance to pesticides in arthropods
Đã lưu trong:
| Tác giả chính: | |
|---|---|
| Định dạng: | Sách |
| Ngôn ngữ: | Undetermined |
| Được phát hành: |
Rome
FAO
1991
|
| Những chủ đề: | |
| Các nhãn: |
Thêm thẻ
Không có thẻ, Là người đầu tiên thẻ bản ghi này!
|
| Thư viện lưu trữ: | Trung tâm Học liệu Trường Đại học Cần Thơ |
|---|
| LEADER | 00538nam a2200181Ia 4500 | ||
|---|---|---|---|
| 001 | CTU_29235 | ||
| 008 | 210402s9999 xx 000 0 und d | ||
| 082 | |a 632.95 | ||
| 082 | |b G532 | ||
| 100 | |a George P Georghiou | ||
| 245 | 4 | |a The occurrence of resistance to pesticides in arthropods | |
| 245 | 0 | |c George P Georghiou, Angel Lagunes-Tejeda, FAO | |
| 260 | |a Rome | ||
| 260 | |b FAO | ||
| 260 | |c 1991 | ||
| 650 | |a pesticides | ||
| 904 | |i Nguyễn Quang Điền, 990315 | ||
| 980 | |a Trung tâm Học liệu Trường Đại học Cần Thơ | ||